| 000 | 00596nam a22001817a 4500 | ||
|---|---|---|---|
| 003 | OSt | ||
| 005 | 20260425020417.0 | ||
| 008 | 260425b |||||||| |||| 00| 0 eng d | ||
| 040 |
_aDWCL-Main lib _cOC |
||
| 082 | _aCirc. 624.183 R215p 2017 | ||
| 100 | _aRao, Y.R.M | ||
| 245 |
_aPrestressed concrete analysis and design/ _cRao, Y.R.M |
||
| 260 |
_aNew Delhi: _bS.K Kataria & sons, _cc2017. |
||
| 300 |
_a432 pages : _billustrations ; _c24cm. |
||
| 504 | _aIncludes bibliographical references and index. | ||
| 650 | _a1. Prestressed concrete construction | ||
| 942 |
_2ddc _cBK-CIRC _hCirc. _n0 |
||
| 999 |
_c9885 _d9885 |
||